Apuestas permanentes-Chance : (Registro nro. 12495)
[ vista simple ]
| 000 -LEADER | |
|---|---|
| fixed length control field | 01656nam a2200253Ia 4500 |
| 003 - CONTROL NUMBER IDENTIFIER | |
| control field | OSt |
| 005 - DATE AND TIME OF LATEST TRANSACTION | |
| control field | 20210917132018.0 |
| 008 - FIXED-LENGTH DATA ELEMENTS--GENERAL INFORMATION | |
| fixed length control field | 210310s1994 ck gr 000 0 spa d |
| 020 ## - INTERNATIONAL STANDARD BOOK NUMBER | |
| International Standard Book Number | 9589571506 |
| 040 ## - CATALOGING SOURCE | |
| Original cataloging agency | CO-JMCR |
| Transcribing agency | CO-JMCR |
| 041 ## - LANGUAGE CODE | |
| Language code of text/sound track or separate title | spa |
| 082 04 - DEWEY DECIMAL CLASSIFICATION NUMBER | |
| Classification number | 338.4768875 / |
| Item number | M757a |
| Edition number | 23 |
| 100 1# - MAIN ENTRY--PERSONAL NAME | |
| Personal name | Montoya Montoya, Alberto, |
| Relator term | autor |
| 9 (RLIN) | 28394 |
| 245 10 - TITLE STATEMENT | |
| Title | Apuestas permanentes-Chance : |
| Remainder of title | manual de chance / |
| Statement of responsibility, etc. | Alberto Montoya Montoya |
| 250 ## - EDITION STATEMENT | |
| Edition statement | Primera edición |
| 260 ## - PUBLICATION, DISTRIBUTION, ETC. | |
| Place of publication, distribution, etc. | Colombia : |
| Name of publisher, distributor, etc. | Centro de Investigación de los Juegos de Azar, |
| Date of publication, distribution, etc. | 1994. |
| 300 ## - PHYSICAL DESCRIPTION | |
| Extent | 103 páginas ; |
| Dimensions | 22 cm. |
| 501 ## - WITH NOTE | |
| With note | Con: notas a pie de página. |
| 505 0# - FORMATTED CONTENTS NOTE | |
| Formatted contents note | Ley 1 de 1982 Autorizaciones del juego de Apuestas permanentes. -- Ley 57 de 1993 Penalización del ejercicio ilícito de actividades<br/>consagradas como arbitrio rentístico de carácter monopólico. -- Decreto 386 de 1983 Reglamentación de las Apuestas Permanentes. -- Decreto 1222 de 1986 Reglamentación de las Apuestas Permanentes. -- Ley 53 de 1990 Modificaciones al Código de Régimen Departamental. -- Decreto 33 de 1984 Reglamentación de las Apuestas Permanentes. -- Decreto 1988 de 1987 Reglamentación de las Apuestas Permanentes. -- Decreto 2527 de 1987 Reglamentación de las Apuestas Permanentes. -- Decreto 1821 de 1990 Reglamentación de las Apuestas Permanentes. -- Ley 50 de1990 (Modificación del Código Sustantivo del Trabajo). Régimen laboral para colocadores de Apuestas Permanentes.<br/> |
| 650 14 - SUBJECT ADDED ENTRY--TOPICAL TERM | |
| Topical term or geographic name entry element | Juegos de azar |
| General subdivision | legislación |
| 9 (RLIN) | 40621 |
| 650 24 - SUBJECT ADDED ENTRY--TOPICAL TERM | |
| Topical term or geographic name entry element | Apestas permanentes |
| General subdivision | Leyes |
| -- | Decretos |
| 9 (RLIN) | 40622 |
| 650 24 - SUBJECT ADDED ENTRY--TOPICAL TERM | |
| Topical term or geographic name entry element | Apuestas permanentes |
| General subdivision | Regulación |
| 9 (RLIN) | 40623 |
| 942 ## - ADDED ENTRY ELEMENTS (KOHA) | |
| Source of classification or shelving scheme | Dewey Decimal Classification |
| Koha item type | Books |
| Withdrawn status | Lost status | Source of classification or shelving scheme | Damaged status | Not for loan | Home library | Current library | Shelving location | Date acquired | Source of acquisition | Full call number | Barcode | Date last seen | Copy number | Price effective from | Koha item type |
|---|---|---|---|---|---|---|---|---|---|---|---|---|---|---|---|
| Dewey Decimal Classification | Biblioteca Pública José María del Castillo y Rada | Biblioteca Pública José María del Castillo y Rada | General Stacks | 04/15/2018 | Donación | 338.4768875 / M757a | 430005496 | 05/16/2024 | Ej.1 | 03/10/2021 | Books |